Aktuálny stav regulácie finančného trhu

Trendy v regulácii po začatí globálnej finančnej krízy. Regulácia na zmiernenie bezprostredných následkov krízy. Reforma organizácie dohľadu nad finančným trhom. Regulácia obozretného podnikania finančných inštitúcií. Regulácia v oblasti ochrany finančného spotrebiteľa.

Na minha lista:
Detalhes bibliográficos
Autor principal: Makúch, Jozef, 1953-
Formato: Capítulo de Livro
Idioma:eslovaco
Assuntos:
Tags: Adicionar Tag
Sem tags, seja o primeiro a adicionar uma tag!

MARC

LEADER 00000nla$a2200000$$$4500
001 0118390
005 20240502072326.9
041 0 |a slo 
044 |a SK 
245 1 0 |a Aktuálny stav regulácie finančného trhu  |c Jozef Makúch 
520 |a Trendy v regulácii po začatí globálnej finančnej krízy. Regulácia na zmiernenie bezprostredných následkov krízy. Reforma organizácie dohľadu nad finančným trhom. Regulácia obozretného podnikania finančných inštitúcií. Regulácia v oblasti ochrany finančného spotrebiteľa. 
610 2 0 |a trh finančný 
610 2 0 |a kríza finančná 
610 2 0 |a banky 
610 2 0 |a pomoc štátna 
610 2 0 |a regulácia 
610 2 0 |a reformy 
610 2 0 |a služby finančné 
610 2 0 |a spotrebitelia 
610 2 0 |a podnikanie 
100 1 |a Makúch, Jozef, 1953-